000 00777nam a2200265Ia 4500
003 OSt
005 20220928124956.0
006 a|||||r|||| 00| 0
007 ta
008 220927b |||||||| |||| 00| 0 eng d
020 _c3911.6039999999998
024 _a118362
037 _b124, 26/11/2012, Excel Book International
_cTextual
040 _aSDCL
_cSDCL
_beng
041 _2eng
_aeng
082 _aR4, Q3
100 _aShafer-Landau Russ Ed.
_9443858
245 0 _aEthical theory
_b An anthology.
250 _a2nd
260 _aChichester
_bWiley - Blackwell
_c2013
300 _axvi,794p
_ccm.
650 _aPhilosophy
942 _hR4, Q3
_cTEXL
_2CC
999 _c780229
_d780229